00550nam a2200205Ia 4500003000400000005001700004008004100021020001500062040001800077041000800095082002100103100001900124245004900143250001200192260003400204300002700238650002800265650003400293650001700327OSt20260105095422.0210716s1997 xx 000 0 und d a1861000391 cAIMIT LIBRARY aeng a006.37 21bWRIP aWright, Peter. aBeginning visual basic 5 /cBy Peter Wright. a1st ed. aUK :bWrox Press Ltd ,c1997. axix,785p. ;bPBc24 cm aWelcome to visual basic aInside a visual basic program aWriting code